000 00362nam a2200145Ia 4500
008 230711s9999||||xx |||||||||||||| ||und||
041 _aENG
082 _a620
_bMA-S
100 _aMalhotra,PR
245 4 _aThe strength of material
250 _a5th
260 _c1987
_aNew Delhi
_bSahitya Bhawan Publications 
650 _aMechanical Engineering
942 _cBK
999 _c1221
_d1221